| 000 -LEADER |
| fixed length control field |
01282pab a2200181 454500 |
| 008 - FIXED-LENGTH DATA ELEMENTS--GENERAL INFORMATION |
| fixed length control field |
180718b2004 xxu||||| |||| 00| 0 eng d |
| 100 ## - MAIN ENTRY--PERSONAL NAME |
| Personal name |
Bhattacharya, B.B. |
| 245 ## - TITLE STATEMENT |
| Title |
Regional growth and disparity in India: comparison of pre- and post-reform decades |
| 260 ## - PUBLICATION, DISTRIBUTION, ETC. |
| Date of publication, distribution, etc. |
2004 |
| 300 ## - PHYSICAL DESCRIPTION |
| Extent |
p.1071-077. |
| 362 ## - DATES OF PUBLICATION AND/OR SEQUENTIAL DESIGNATION |
| Dates of publication and/or sequential designation |
6 Mar |
| 520 ## - SUMMARY, ETC. |
| Summary, etc. |
Has regional disparity widened in the post-reform period? This study attempts to probe this question by analysing growth rates of aggregate and sectoral domestic product of major states in the pre- and post-reform decades. The results indicate that while the growth rate of gross domestic product has improved only marginally in the post-reform decade, regional disparity in state domestic product (SDP) has widened much more drastically. Industrial states are now growing much faster than backward states, and there is no evidence of convergence of growth rates among states. Disturbingly, there is now also an inverse relationship between population growth and SDP growth. This has serious implications for employment and for the political economy of India. - Reproduced. |
| 650 ## - SUBJECT ADDED ENTRY--TOPICAL TERM |
| Topical term or geographic name entry element |
Regional disparities - India |
| 650 ## - SUBJECT ADDED ENTRY--TOPICAL TERM |
| Topical term or geographic name entry element |
Regional disparities |
| 700 ## - ADDED ENTRY--PERSONAL NAME |
| Personal name |
Sakthivel, S. |
| 773 ## - HOST ITEM ENTRY |
| Main entry heading |
Economic and Political Weekly |
| 909 ## - |
| -- |
59782 |